• 首页
  • 本馆介绍
  • 公告通知
  • 最新文献
  • 馆藏检索
  • 电子资源
  • 读者导购
  • 参考咨询
  • 我的图书馆
  • 登录
  • 详细信息显示
  • 放入我的书架
  • 预约/预借图书
  • 作者相关作品
  • 分类相关作品
  • 丛书相关作品
  • 出版社相关作品

书目信息

  • 表格格式
  • 工作单格式
  • 卡片格式
题名:
世界地图
    
 
作者: ;地图出版社编辑
分册:  
出版信息: 地图   地图出版社  1975.05
页数: 1张
开本:
丛书名:
单 册:
中图分类: K991
科图分类:
主题词: 地图
电子资源:
ISBN:
000 00581nam0 2200217 45
001 0405131762
005 20040514080648.6
010    @dCNY1.05
091    @a12014:593
100    @a20040513d1975 km y0chiy0120 ea
101 0  @achi
105    @a z 000yy
200 1  @a世界地图@AShi Jie Di Tu@f地图出版社编辑出版@FDi Tu Chu Ban She Bian Ji Chu Ban
205    @a3版
210    @a地图@c地图出版社@d1975.05
215    @a1张
606 0  @a地图
690    @aK991@v3
711 02 @a地图出版社编辑@ADi Tu Chu Ban She Bian Ji
801    @aCN@bTSTCL@c20040513
905    @f1@b74541@dK991@e4
    
    世界地图/地图出版社编辑出版.-3版.-地图:地图出版社,1975.05
    1张
    
    
    ISBN :CNY1.05
    
●
相关链接 在E读中查询图书 在五车中查询图书 在当当中查询图书 在豆瓣中查询图书


正题名:世界地图     索取号:K991/4         预约/预借

序号 登录号 条形码 馆藏地/架位号 状态 备注
1 0074541   001929248   第二借阅区/ [索取号:K991/4] 在馆    
唐山师范学院图书馆 欢迎您!
大连网信软件有限公司© 版权所有